Quizzes
Events
Quiz Creation
Community
Videos
Private Events
Remove Ads
Sign In
Join for FREE
Feedback
Dark Mode
Quiz Categories
Sports
Geography
Music
Movies
Television
Just For Fun
Miscellaneous
History
Literature
Language
Science
Gaming
Entertainment
Religion
Holiday
For Kids
Quiz Lab
Recent
Popular Today
Quiz Kudos Today
Editor Picks
Curator Picks
Quizzes by...
Day
Popularity
Type
Ratings
Length
Year
Community
Subscriptions
Recent Discussions
Orange Saloon
Badges
Playlists
Quests
Create
Leaderboards
Showdown
Live 5
Trivia Bingo
Activity
Puzzle Library
Sporcle Events
Private Events
Virtual Trivia
Globe League
Become a Host
Pub Owners
SporcleCon
Opinionation
Our Games
Videos
Blog
Mobile Apps
Partnerships
Remove Ads and Go Orange
Feedback
Science
Computer
Plants
Astronomy
Chemistry
Elements
Math
Animal
Physics
Anatomy
Biology
Geology
General Science
Science
Computer
Plants
Astronomy
Chemistry
Elements
Math
Animal
Physics
Anatomy
Biology
Geology
General Science
Random Quiz
Search Sporcle
×
Quiz Lab
Quiz Lab
Science
Clickable
Select answers by clicking on text or image buttons
Select answers by clicking on text or image buttons
Clickable
Best Score? Go Orange.
APES 2016 Jacob Crabtree Ch 12 Stats
Can you pick the APES 2016 Jacob Crabtree Ch 12?
By
jccrabtree2000
20m
29 Questions
3 Plays
3 Plays
3 Plays
Comments
Comments
Give Quiz Kudos
Give Quiz Kudos
-
- Ratings
hide this ad
Forced Order
Answers have to be entered in order
Answers have to be entered in order
Replay
Link that replays current quiz
Next Quiz
Link to next quiz in quiz playlist
You Got
0%
They Got
Avg Score
12%
Avg Friend Score
Upgrade to see
Score Distribution
Jump to the score distribution portion of the page
Score
0/29
Timer
20:00
0
Plays Today
% Correct
Food Security
66.7%
Chronic Malnutrition
66.7%
Animal Manure
66.7%
Food Insecurity
33.3%
Hunger
33.3%
Aquaculture
33.3%
Pesticides
33.3%
Green Manure
33.3%
Famine
0%
Overnutrition
0%
Irrigation
0%
Industrialized Agriculture
0%
Plantation Agriculture
0%
Hydroponics
0%
Traditional Subsistence Agriculture
0%
% Correct
Traditional Intensive Agriculture
0%
Polyculture
0%
Slash-and-Burn Agriculture
0%
Green Revolution
0%
Fishery
0%
Soil Erosion
0%
Desertification
0%
Salinization
0%
Waterlogging
0%
Pest
0%
Soil Conservation
0%
Organic Fertilizer
0%
Manufactured Inorganic Fertilizers
0%
Compost
0%
Quiz Playlist
Details
Report
Send in Message
Add To Playlist
Clickable:
Select answers by clicking on text or image buttons
Forced Order:
Answers have to be entered in order
Last Updated: Feb 16, 2017
Quiz Scoreboard
CHALLENGE
Sign Up to Join the Scoreboard
Show All
Scores
Hide
Comments
May contain spoilers
Recently Published
Alphabetical 'K' Countries by Flag Minefield
by ylime102
Geography
3m
Pick 6: Fruits
by JohnFran
Miscellaneous
15s
Click the 1999 NBA Draft
by nibperrychub
Sports
2m
More to Explore
Quiz From the Vault
Featured Blog Post
15 Basketball Trivia Facts You Can Be March Mad About
hide this ad
You Might Also Like...
Tags
Clickable Quiz
2016
ape
jacob
Today's Top Quizzes in Science
Browse Science
hide this ad
Today's Top Quizzes in Clickable
Browse Clickable
Top Contributed Quizzes in Science
1
Trivia Jigsaw: Scientific Foursomes
2
The First 100 Digits of Pi
3
Trivia Jigsaw: Elements
4
Journey Through Space
5
'P' Natural World
6
Dashed Science
7
200 Digits of pi
8
'W' Natural World
9
'V' Natural World
10
A Equals A
Explore More
Trending Topics
Harry Potter
Marvel
Anime
NBA
Disney
Crossword
Kpop
NFL
Country
Song
WWE
Soccer
The Office
Pokémon
Puzzle
hide this ad
More By:
jccrabtree2000
Quiz
Plays
Rating
Category
Featured
Created
APES 2016 Jacob Crabtree Ch 7
27
Science
Aug 25, 2016
APES 2016 Jacob Crabtree Ch 12
3
Science
Aug 25, 2016
Go to Creator's Profile
Score Distribution
Quiz Creator Spotlight
jccrabtree2000
Follow
Send a Message
Quizzes Created
-
Created Quiz Play Count
-
More By This Creator
Popular Quizzes Today
1
Find the US States - No Outlines Minefield
2
Pick 6: Fruits
3
Countries of Asia Without Outlines Minefield
4
Alphabetical 'K' Countries by Flag Minefield
5
The Countries of the World
6
Match the Book to the Film X
7
Click the 1999 NBA Draft
8
NBA Logic Puzzle
More Science Quizzes
Flower Spelling Bee
Published
Trending Quizzes
Donkey Kong Minefield
Multiplication Danger Zone
DC Extended Universe: Oldest to Newest
The 3rd Thing You Need to Know: Actresses
Minefield Map: North American Capitals
Recently Updated
Women's Final Four Teams by Year
bhenderson79
Presidents Quartet II
eogle
Anything But Clue(do)
eogle
Anything But Oceanian Capitals
eogle
Anything But 7
eogle
Anything But Thing
eogle
Word Ladder: February 29
pecheneg
Song Title Questions
pecheneg
Women's NCAA Tournament #1 Seeds
pecheneg
Celebrity Mug Shots
pecheneg
Trending Topics
Disney
Marvel
Anime
Harry Potter
Crossword
Kpop
NBA
NFL
Soccer
Pokémon
Song
The Office
WWE
Puzzle
Country
Your Account Isn't Verified!
In order to create a playlist on Sporcle, you need to verify the email address you used during registration. Go to your
Sporcle Settings
to finish the process.
Report this User
Report this user for behavior that violates our
Community Guidelines
.
Details:
Send Report
Go to the Sporcle.com Mobile Site →
Comments